| 000 | 01695nam a2200445Ii 4500 | ||
|---|---|---|---|
| 001 | DIGEUDE346 | ||
| 003 | NyNyDIG | ||
| 006 | m o d | ||
| 007 | cr ||||||||||| | ||
| 008 | 230710s2021 ag o 000 0 spa d | ||
| 035 | _a(OCoLC)1281971756 | ||
| 040 |
_aDGITA _beng _erda _epn _cDGITA |
||
| 020 |
_a9789502331348 _qeBook |
||
| 020 | _z9789502330532 | ||
| 043 | _as-ag--- | ||
| 050 | 1 | 4 | _aKHA409 ebook |
| 245 | 0 | 0 |
_aPrincipios generales de derecho privado / _cMariano Genovesi, director ; Santiago Lauhirat, Gonzalo Joaquín Linares, coordinadores ; [autores], Nicolás Aguerre [and 12 others]. |
| 250 | _aPrimera edición. | ||
| 264 | 1 |
_aCiudad de Buenos Aires : _bEudeba, _c[2021] |
|
| 300 | _a1 online resource. | ||
| 336 |
_atext _btxt _2rdacontent |
||
| 337 |
_acomputer _bc _2rdamedia |
||
| 338 |
_aonline resource _bcr _2rdacarrier |
||
| 347 |
_atext file _2rdaft |
||
| 347 | _bPDF | ||
| 490 | 1 | _aMaterial de cátedra | |
| 588 | 0 | _aOnline resource; title from PDF title page (Digitalia, viewed July 10, 2023) | |
| 650 | 0 |
_aCivil law _zArgentina. |
|
| 700 | 1 |
_aGenovesi, Luis Mariano, _eeditor. |
|
| 700 | 1 |
_aLauhirat, Santiago, _eeditor. |
|
| 700 | 1 |
_aLinares, Gonzalo Joaquín, _eeditor. |
|
| 700 | 1 |
_aAguerre, Nicolás, _eauthor. |
|
| 791 | 2 |
_aDigitalia (Firm), _edistributor. |
|
| 793 | 0 |
_gDigitalia eBook Collection: _aEudeba |
|
| 776 | 0 | 8 |
_iPrint version: _tPrincipios generales de derecho privado. _bPrimera edición. _dCiudad de Buenos Aires : Eudeba, [2020] _z9789502330532 |
| 830 | 0 | _aMaterial de cátedra. | |
| 856 | 4 | 0 |
_3Digitalia Hispánica _uhttps://www.digitaliapublishing.com/a/128533/ |
| 910 | _aPremium collection: 2023 | ||
| 942 | _cRAA | ||
| 999 |
_c279600 _d279600 |
||